000 00749cam a22001815a 4500
001 ##J100679
008 000000s1902 000 0 eng u
035 _a(Sirsi) u100679
041 0 _aeng
050 0 4 _a942.273 $2 22
110 2 _aAuctioneers' Institute of the United Kingdom
_93785
245 0 0 _aAutumn provincial meeting September at Belfast, on Thursday, Friday and Saturday, 4th,5th and 6th September, 1902
260 _a[S.l.]
_b[s.n.]
_c1902
300 _a23p.
_bill
_c16cm.
520 _aPamphlet outlining the list of committee members; objectives of the institution; qualifications and admission of members; general arrangements, and itinerary of the institution work visit to Belfast.
690 _aAuctioneering
_96218
942 _n0
999 _c99752
_d99752